[Event "Calle rapid op"]
[Site "Calle"]
[Date "2024.03.10"]
[Round "2"]
[White "Acevedo Vaca, Juan David"]
[Black "Ferreira Angarita, Fabio Alexander"]
[Result "0-1"]
[WhiteElo "1619"]
[BlackElo "1949"]
[PlyCount "22"]
[EventDate "2024.03.10"]
[EventType "swiss (rapid)"]
[EventRounds "6"]
[EventCountry "COL"]
[SourceTitle "CB11_2024"]
[SourceDate "2024.03.13"]
[SourceVersion "1"]
[SourceVersionDate "2024.03.13"]
[SourceQuality "1"]

1. e4 c6 2. d4 d5 3. Nc3 dxe4 4. Nxe4 Nf6 5. Nxf6+ exf6 6. Nf3 Bd6 7. Be3 0-0 8. Qd2 Be6 9. Bd3 Nd7 10. c4 Re8 11. 0-0 Nf8 0-1